Bond Girls - Statistics

General Stats
  • This quiz has been taken 51 times
  • The average score is 10 of 24
Answer Stats
Picture Answer % Correct
Pussy Galore
89%
Vesper Lynd
78%
Honey Ryder
75%
Dr. Christmas Jones
72%
Octopussy
72%
Solitaire
61%
Holly Goodhead
53%
Jinx Johnson
53%
Domino
50%
Tracy Bond
42%
Anya Amasova
39%
Kissy Suzuki
39%
Mary Goodnight
39%
Tatiana Romanova
39%
Tiffany Case
36%
Camille Montes
25%
Madeleine Swann
25%
Pam Bouvier
25%
Wai Lin
25%
Kara Milovy
22%
Natalya Simonova
22%
Melina Havelock
17%
Sévérine
17%
Stacey Sutton
17%
No matching quizzes found
Score Distribution
Percent of People with Each Score
Percentile by Number Answered
Your Score History
You have not taken this quiz